Lakbér és tartásdíj
Elmentve itt :
| Szerző: | |
|---|---|
| Dokumentumtípus: | Cikk |
| Megjelent: |
1934
|
| Sorozat: | Polgári jog : a hazai és külföldi magánjog és hiteljog szemléje
10 |
| Kulcsszavak: | Családjog nőtartás joggyakorlat |
| Online Access: | http://misc.bibl.u-szeged.hu/6142 |
| LEADER | 00606nab a2200169 i 4500 | ||
|---|---|---|---|
| 001 | misc6142 | ||
| 005 | 20191106142310.0 | ||
| 008 | 170607s1934 hu o 0|| hun d | ||
| 040 | |a SZTE Miscellanea Repozitórium |b hun | ||
| 041 | |a hun | ||
| 100 | 1 | |a Beck Salamon | |
| 245 | 1 | 0 | |a Lakbér és tartásdíj |h [elektronikus dokumentum] / |c Beck Salamon |
| 260 | |c 1934 | ||
| 300 | |a 285-286a | ||
| 490 | 0 | |a Polgári jog : a hazai és külföldi magánjog és hiteljog szemléje |v 10 | |
| 695 | |a Családjog nőtartás joggyakorlat | ||
| 856 | 4 | 0 | |u http://misc.bibl.u-szeged.hu/6142/1/polgari_jog_1934_285-286a.pdf |z Dokumentum-elérés |